Discurso sobrelos antecedentes y desarrollo de la interminable guerra de liberación del Vietnam como ejemplo de la necesidad de la lucha armada de los oprimidos contra sus opresores así como de los intentos de los Estados Unidos de América para destruir las bases de la revolución / (Record no. 43430)
[ view plain ]
| 000 -CABECERA | |
|---|---|
| campo de control de longitud fija | 00926nam a2200193 a 4500 |
| 001 - NÚMERO DE CONTROL | |
| campo de control | 000043941 |
| 005 - FECHA Y HORA DE LA ÚLTIMA TRANSACCIÓN | |
| campo de control | 20201002045045.0 |
| 008 - DATOS DE LONGITUD FIJA--INFORMACIÓN GENERAL | |
| campo de control de longitud fija | 140509s1974 sp 000 0 spa d |
| 020 ## - NÚMERO INTERNACIONAL ESTÁNDAR DEL LIBRO | |
| Número Internacional Estándar del Libro | 842641107X |
| 040 ## - FUENTE DE LA CATALOGACIÓN | |
| Centro catalogador/agencia de origen | DO-SdBNP |
| Lengua de catalogación | spa |
| Centro/agencia transcriptor | BNPHU |
| 100 1# - ENTRADA PRINCIPAL--NOMBRE DE PERSONA | |
| Nombre de persona | Weiss, Peter |
| Fechas asociadas al nombre | 1916- |
| 9 (RLIN) | 71875 |
| 245 10 - MENCIÓN DE TÍTULO | |
| Título | Discurso sobrelos antecedentes y desarrollo de la interminable guerra de liberación del Vietnam como ejemplo de la necesidad de la lucha armada de los oprimidos contra sus opresores así como de los intentos de los Estados Unidos de América para destruir las bases de la revolución / |
| Mención de responsabilidad, etc. | Peter Weiss; traducción Mireia Bofill. |
| 260 ## - PUBLICACIÓN, DISTRIBUCIÓN, ETC. | |
| Lugar de publicación, distribución, etc. | Barcelona, : |
| Nombre del editor, distribuidor, etc. | Lumen, |
| Fecha de publicación, distribución, etc. | 1974. |
| 300 ## - DESCRIPCIÓN FÍSICA | |
| Extensión | 252 p. ; |
| Dimensiones | 19 cm. |
| 490 1# - MENCIÓN DE SERIE | |
| Mención de serie | Palabra en el tiempo |
| -- | Teatro |
| Designación de volumen o secuencia | 107 |
| 500 ## - NOTA GENERAL | |
| Nota general | Incluye datos biografícos del autor en la solapa de la contraportada. |
| 700 12 - PUNTO DE ACCESO ADICIONAL--NOMBRE DE PERSONA | |
| Nombre de persona | Bofill, Mireia |
| Término indicativo de función/relación | trad. |
| 9 (RLIN) | 33542 |
| 830 #0 - PUNTO DE ACCESO ADICIONAL DE SERIE-TÍTULO UNIFORME | |
| Título uniforme | Palabra en el tiempo |
| Información miscelánea | Teatro |
| Número de parte o sección de la obra | 107 |
| 9 (RLIN) | 71876 |
| Estado de retiro | Estado de pérdida | Restricciones de uso | No para préstamo | Código de colección | Localización permanente | Ubicación/localización actual | Ubicación en estantería | Fecha de adquisición | Número de inventario | Total de préstamos | Signatura topográfica completa | Código de barras | Fecha visto por última vez | Precio válido a partir de | Tipo de ítem Koha |
|---|---|---|---|---|---|---|---|---|---|---|---|---|---|---|---|
| Excluido de préstamo | Monografías: Libros y Folletos | General | General | En catalogación | 09.05.2014 | LF1 | 43941-10 | 25.06.2020 | 25.06.2020 | No se presta |
